书目信息 |
| 题名: |
给水排水管道工程
|
|
| 作者: | 邢颖 , 黄敬文 主编 | |
| 分册: | ||
| 出版信息: | 郑州 黄河水利出版社 2013 |
|
| 页数: | 269页 | |
| 开本: | 26cm | |
| 丛书名: | ||
| 单 册: | ||
| 中图分类: | TU991.36 , TU992.23 | |
| 科图分类: | ||
| 主题词: | 排水管道--管道工程--高等职业教育--教材 , 给水管道 , 给水管道--管道工程--高等职业教育--教材 , 排水管道 , 管道工程 | |
| 电子资源: | ||
| ISBN: | 978-7-5509-0485-9 | |
| 000 | 01155nam0 2200301 450 | |
| 001 | 141695 | |
| 005 | 20141111121442.32 | |
| 010 | @a978-7-5509-0485-9@dCNY 35.00 | |
| 100 | @a20130814d2013 em y0chiy50 ea | |
| 101 | 0 | @achi |
| 102 | @aCN@b410000 | |
| 105 | @aa z 000yy | |
| 200 | 1 | @a给水排水管道工程@9gei shui pai shui guan dao gong cheng@b专著@f黄敬文,邢颖主编 |
| 210 | @a郑州@c黄河水利出版社@d2013 | |
| 215 | @a269页@c图@d26cm | |
| 300 | @a全国高职高专给排水工程技术专业规划教材 | |
| 330 | @a本书主要内容有室外给水工程概论,设计用水量,经水系统的工作情况,水源与取水工程,城市输配水管网布置与计算,室外给水管材、附件及附属构筑物,室外排水工程概论,污水管道系统,雨水管渠系统与合流制排水管渠系统,排水管渠石材及附属构筑物,室外给排水管网的管理和维护等。 | |
| 606 | 0 | @a排水管道@x管道工程@x高等职业教育@j教材 |
| 606 | 0 | @a给水管道 |
| 606 | 0 | @a给水管道@x管道工程@x高等职业教育@j教材 |
| 606 | 0 | @a排水管道 |
| 606 | 0 | @a管道工程 |
| 690 | @aTU991.36@v5 | |
| 690 | @aTU992.23@v5 | |
| 701 | 0 | @a邢颖@9xing ying@c(给排水工程)@4主编 |
| 701 | 0 | @a黄敬文@9huang jing wen@4主编 |
| 801 | 0 | @c20141111 |
| 905 | @a241430@dTU991.36@eH840 | |
| 给水排水管道工程/黄敬文,邢颖主编.-郑州:黄河水利出版社,2013 |
| 269页:图;26cm |
| 全国高职高专给排水工程技术专业规划教材 |
| ISBN 978-7-5509-0485-9:CNY 35.00 |
| 本书主要内容有室外给水工程概论,设计用水量,经水系统的工作情况,水源与取水工程,城市输配水管网布置与计算,室外给水管材、附件及附属构筑物,室外排水工程概论,污水管道系统,雨水管渠系统与合流制排水管渠系统,排水管渠石材及附属构筑物,室外给排水管网的管理和维护等。 |
| ● |
| 相关链接 |
|
|
|
正题名:给水排水管道工程
索取号:TU991.36/H840
 
预约/预借
| 序号 | 登录号 | 条形码 | 馆藏地/架位号 | 状态 | 备注 |
| 1 | 0838701 | 208387011 | 建筑库201/201建筑库 134排1列5层/ [索取号:TU991.36/H840] | 在馆 | |
| 2 | 0838702 | 208387020 | 市政与环境工程学院资料室/101建筑库 97排3列4层/ [索取号:TU991.36/H840] | 在馆 | |
| 3 | 0838703 | 208387039 | 建筑库201/201建筑库 134排1列5层/ [索取号:TU991.36/H840] | 在馆 |